[Event "Llobregat Garcia Memorial 7th"]
[Site "Llobregat"]
[Date "2016.04.16"]
[Round "2"]
[White "Lozano Diaz, Antoni"]
[Black "Capellades Subirana, Marc"]
[Result "0-1"]
[WhiteElo "1864"]
[BlackElo "2117"]
[PlyCount "62"]
[EventDate "2016.04.09"]
[EventType "swiss"]
[EventRounds "9"]
[EventCountry "ESP"]
[SourceTitle "EXT 2017"]
[Source "ChessBase"]
[SourceDate "2016.10.25"]
[SourceVersion "1"]
[SourceVersionDate "2016.10.25"]
[SourceQuality "1"]

1. c4 f5 2. g3 Nf6 3. Bg2 e5 4. Nc3 Be7 5. d3 c6 6. e4 d6 7. Nge2 0-0 8. 0-0 fxe4 9. dxe4 Be6 10. b3 Nbd7 11. f4 Kh8 12. f5 Bf7 13. Kh1 Qb6 14. Bf3 Rad8 15. Ba3 Nc5 16. Qc2 Rfe8 17. g4 d5 18. cxd5 cxd5 19. Nxd5 Bxd5 20. exd5 e4 21. Bg2 Nxg4 22. f6 Nxf6 23. Rxf6 gxf6 24. Bb2 Rxd5 25. Nc3 Rh5 26. Nxe4 Nxe4 27. Qxe4 Rxh2+ 28. Kxh2 Bd6+ 29. Kh3 Rxe4 30. Bxf6+ Kg8 31. Bxe4 Qe3+ 0-1

[Event "Barcelona Primavera La Lira op 8th"]
[Site "Barcelona"]
[Date "2015.05.07"]
[Round "5"]
[White "Lozano Diaz, Antoni"]
[Black "Costa Trave, Jaume"]
[Result "1-0"]
[WhiteElo "1836"]
[BlackElo "1995"]
[PlyCount "175"]
[EventDate "2015.04.09"]
[EventType "swiss"]
[EventRounds "9"]
[EventCountry "ESP"]
[SourceTitle "CBM 166 Extra"]
[Source "ChessBase"]
[SourceDate "2015.06.18"]
[SourceVersion "1"]
[SourceVersionDate "2015.06.18"]
[SourceQuality "1"]

1. c4 c6 2. d4 d5 3. cxd5 cxd5 4. Nf3 a6 5. e3 Nf6 6. Bd3 Nc6 7. 0-0 Bg4 8. Nbd2 e6 9. h3 Bh5 10. Qb3 b5 11. a4 Na5 12. Qd1 b4 13. Nb3 Nc4 14. Nbd2 Nd6 15. Qe2 Qb6 16. a5 Qb7 17. Nb3 Nde4 18. Bd2 Bd6 19. Rfc1 0-0 20. Nc5 Nxc5 21. dxc5 Be5 22. c6 Qb8 23. Be1 Rc8 24. g4 Bg6 25. Nxe5 Qxe5 26. Bxa6 Rc7 27. Bb7 Ra7 28. Bxb4 Ne4 29. Bc5 Nxc5 30. Rxc5 h5 31. Rac1 hxg4 32. hxg4 f5 33. b4 fxg4 34. Qxg4 Be4 35. f4 Qb2 36. Qxe6+ Kh7 37. Qh3+ Kg8 38. Qh2 Qb3 39. Qd2 g6 40. a6 Rh7 41. Qc3 Qa2 42. Rc2 Rh1+ 43. Kf2 Rh2+ 44. Kg3 Rxc2 45. Qxc2 Bxc2 46. c7 Bf5 47. Bxd5+ Qxd5 48. Rxd5 Rxc7 49. b5 Ra7 50. Kf3 Kf7 51. Rc5 Ke7 52. e4 Bd7 53. Ke3 Kd6 54. Kd4 Bxb5 55. Rxb5 Rxa6 56. Rg5 Ke7 57. Rc5 Ra1 58. Ke5 Ra7 59. Rb5 Rd7 60. Rb6 Kf7 61. Rf6+ Kg7 62. Rd6 Re7+ 63. Re6 Rd7 64. Rd6 Re7+ 65. Kd4 Rf7 66. Ke3 Ra7 67. Kf3 Ra3+ 68. Kg4 Re3 69. e5 Re1 70. Rd7+ Kh6 71. Ra7 Re3 72. Rb7 Rd3 73. e6 Re3 74. e7 Re1 75. Kf3 Re6 76. f5 gxf5 77. Rb6 Rxb6 78. e8Q Rf6 79. Kf4 Kg7 80. Qe5 Kg6 81. Qe7 Rf7 82. Qg5+ Kh7 83. Qg2 Kh8 84. Qg6 Rf8 85. Qh6+ Kg8 86. Kg5 f4 87. Qg6+ Kh8 88. Kh6 1-0

[Event "Barcelona Primavera La Lira op 8th"]
[Site "Barcelona"]
[Date "2015.04.23"]
[Round "3"]
[White "Lozano Diaz, Antoni"]
[Black "Perolet Perez, Miquel"]
[Result "1/2-1/2"]
[WhiteElo "1836"]
[BlackElo "1695"]
[PlyCount "97"]
[EventDate "2015.04.09"]
[EventType "swiss"]
[EventRounds "9"]
[EventCountry "ESP"]
[SourceTitle "CBM 166 Extra"]
[Source "ChessBase"]
[SourceDate "2015.06.18"]
[SourceVersion "1"]
[SourceVersionDate "2015.06.18"]
[SourceQuality "1"]

1. d4 d5 2. c4 e6 3. Nc3 c6 4. cxd5 exd5 5. Nf3 Nd7 6. Qc2 Ngf6 7. Bg5 h6 8. Bh4 Qa5 9. e3 Bb4 10. Bd3 0-0 11. 0-0 Re8 12. Bxf6 Nxf6 13. Ne5 Be6 14. f4 c5 15. f5 Bc8 16. a3 Bxc3 17. bxc3 c4 18. Be2 Ne4 19. Bh5 Rf8 20. f6 Qxc3 21. Qxc3 Nxc3 22. fxg7 Kxg7 23. Bxf7 b5 24. Rf3 Bg4 25. Nxg4 Rxf7 26. Rxf7+ Kxf7 27. Nxh6+ Kg7 28. Nf5+ Kh7 29. g4 Rd8 30. Kg2 Ne4 31. h4 Rf8 32. Kf3 c3 33. Ke2 a6 34. Kd3 Rf7 35. Rf1 Rc7 36. Kc2 a5 37. Rg1 b4 38. g5 b3+ 39. Kxb3 Rb7+ 40. Kc2 Rb2+ 41. Kc1 Ra2 42. g6+ Kg8 43. Nh6+ Kg7 44. Nf5+ Kf6 45. Rg4 Ra1+ 46. Kc2 Ra2+ 47. Kc1 Ra1+ 48. Kc2 Ra2+ 49. Kc1 1/2-1/2

[Event "Barcelona Primavera La Lira op 8th"]
[Site "Barcelona"]
[Date "2015.04.09"]
[Round "1"]
[White "Lozano Diaz, Antoni"]
[Black "Febrero Perez, Lluis"]
[Result "1-0"]
[WhiteElo "1836"]
[BlackElo "1511"]
[PlyCount "63"]
[EventDate "2015.04.09"]
[EventType "swiss"]
[EventRounds "9"]
[EventCountry "ESP"]
[SourceTitle "CBM 166 Extra"]
[Source "ChessBase"]
[SourceDate "2015.06.18"]
[SourceVersion "1"]
[SourceVersionDate "2015.06.18"]
[SourceQuality "1"]

1. d4 Nf6 2. c4 g6 3. Nc3 d5 4. cxd5 Nxd5 5. e4 Nxc3 6. bxc3 Bg7 7. Bg5 0-0 8. Rc1 Be6 9. Qd2 f6 10. Be3 Nd7 11. d5 Bf7 12. f4 e6 13. dxe6 Bxe6 14. Nf3 Qe7 15. Nd4 Bf7 16. Be2 Nc5 17. 0-0 Nxe4 18. Qd3 Rad8 19. Bf3 Nd6 20. Rfe1 Bc4 21. Qc2 f5 22. Nb3 Ne4 23. Bc5 Qf6 24. Bxf8 Qb6+ 25. Bc5 Nxc5 26. Nxc5 Qxc5+ 27. Kh1 b5 28. Rcd1 Rf8 29. Rd7 Bh6 30. Ree7 Bf7 31. Rxf7 Rxf7 32. Qb3 1-0

[Event "Cerdanyola del Valles Regional-ch"]
[Site "Cerdanyola del Valles"]
[Date "2015.??.??"]
[Round "1"]
[White "Lozano Diaz, Antoni"]
[Black "Valencia Jimenez, Jose"]
[Result "1-0"]
[WhiteElo "2023"]
[BlackElo "2218"]
[PlyCount "47"]
[EventDate "2015.10.03"]
[EventType "swiss"]
[EventRounds "8"]
[EventCountry "ESP"]
[SourceTitle "CBM 169 Extra"]
[Source "ChessBase"]
[SourceDate "2015.12.18"]
[SourceVersion "1"]
[SourceVersionDate "2015.12.18"]
[SourceQuality "1"]

1. d4 c5 2. e3 d5 3. Nc3 Nf6 4. dxc5 e5 5. Bb5+ Nc6 6. Nf3 Bg4 7. h3 Bxf3 8. Qxf3 Bxc5 9. e4 d4 10. Nd5 Nxd5 11. Bxc6+ bxc6 12. exd5 Qxd5 13. Qg3 Bb4+ 14. c3 Qe4+ 15. Kf1 dxc3 16. bxc3 Qc4+ 17. Kg1 Qxc3 18. Qxg7 0-0-0 19. Qg4+ Kc7 20. Rb1 Bd6 21. Be3 Qd3 22. Rc1 Rhg8 23. Qf3 f5 24. Bb6+ 1-0

[Event "Barcelona Sant Marti op-B 16th"]
[Site "Barcelona"]
[Date "2014.07.17"]
[Round "5"]
[White "Mamontova, Anastasia"]
[Black "Lozano Diaz, Antoni"]
[Result "0-1"]
[WhiteElo "1858"]
[BlackElo "2015"]
[PlyCount "100"]
[EventDate "2014.07.13"]
[EventType "swiss"]
[EventRounds "9"]
[EventCountry "ESP"]
[SourceTitle "CBM 161 Extra"]
[Source "ChessBase"]
[SourceDate "2014.08.29"]
[SourceVersion "1"]
[SourceVersionDate "2014.08.29"]
[SourceQuality "1"]

1. e4 c6 2. d4 d5 3. exd5 cxd5 4. c4 Nf6 5. Nc3 e6 6. Nf3 Bb4 7. Bg5 0-0 8. cxd5 exd5 9. Be2 Qd6 10. 0-0 Bxc3 11. bxc3 Ne4 12. c4 Bg4 13. c5 Qe6 14. Bd2 Nc6 15. Ng5 Bxe2 16. Nxe6 Bxd1 17. Nxf8 Bg4 18. Be3 Nf6 19. f3 Bc8 20. Nxh7 Kxh7 21. g4 Nd7 22. Rfc1 Nf8 23. Rd1 Na5 24. Kg2 Nc4 25. Bf2 Ne6 26. Kg3 Bd7 27. h4 Bc6 28. f4 g6 29. h5 gxh5 30. Rh1 Ng7 31. f5 Nd2 32. Kf4 Re8 33. Rae1 Ne4 34. Be3 Nf6 35. g5 Re4+ 36. Kf3 Ng4 37. Bd2 Rxd4 38. f6 Rxd2 39. g6+ Kxg6 40. fxg7 d4+ 41. Kf4 Rf2+ 42. Kg3 Rf3+ 43. Kh4 Kxg7 44. Kg5 Ne3 45. Rhg1 Rf5+ 46. Kh4+ Kh6 47. Rb1 Rf4+ 48. Kh3 Rf3+ 49. Rg3 Bd7+ 50. Kh2 Nf1+ 0-1

[Event "Barcelona Sant Marti op-B 16th"]
[Site "Barcelona"]
[Date "2014.07.14"]
[Round "2"]
[White "Lozano Diaz, Antoni"]
[Black "Clifford, Neil"]
[Result "1-0"]
[WhiteElo "2015"]
[BlackElo "1923"]
[PlyCount "77"]
[EventDate "2014.07.13"]
[EventType "swiss"]
[EventRounds "9"]
[EventCountry "ESP"]
[SourceTitle "CBM 161 Extra"]
[Source "ChessBase"]
[SourceDate "2014.08.29"]
[SourceVersion "1"]
[SourceVersionDate "2014.08.29"]
[SourceQuality "1"]

1. e4 e5 2. Nf3 Nc6 3. d4 exd4 4. Bc4 Nf6 5. e5 d5 6. Bb5 Ne4 7. Nxd4 Bd7 8. Bxc6 bxc6 9. 0-0 Bc5 10. c3 Be7 11. f3 Ng5 12. f4 c5 13. Nb3 Ne4 14. Qxd5 Bf5 15. Qc6+ Kf8 16. g4 Rc8 17. gxf5 Qd3 18. N1d2 Ng3 19. hxg3 Qxg3+ 20. Qg2 Qd3 21. Ne4 h5 22. Bd2 h4 23. Rf3 Qxe4 24. Re1 Qxf5 25. Qh3 Qxh3 26. Rxh3 Rd8 27. Re2 a5 28. Be3 Rd3 29. Rd2 Rxe3 30. Rxe3 g5 31. f5 a4 32. f6 axb3 33. axb3 Ke8 34. fxe7 Kxe7 35. Kg2 Ke6 36. Kh3 Kf5 37. Rf2+ Kg6 38. Kg4 Re8 39. Rf6+ 1-0

[Event "Barcelona Sant Marti op 3rd"]
[Site "Barcelona"]
[Date "2014.01.23"]
[Round "2"]
[White "Gonzalez Perez, Arian"]
[Black "Lozano Diaz, Antoni"]
[Result "1-0"]
[WhiteElo "2567"]
[BlackElo "2008"]
[PlyCount "67"]
[EventDate "2014.01.16"]
[EventType "swiss"]
[EventRounds "9"]
[EventCountry "ESP"]
[SourceTitle "EXT 2015"]
[Source "ChessBase"]
[SourceDate "2014.11.20"]
[SourceVersion "1"]
[SourceVersionDate "2014.11.20"]
[SourceQuality "1"]

1. e4 c6 2. d4 d5 3. Nc3 dxe4 4. Nxe4 Bf5 5. Ng3 Bg6 6. h4 h6 7. Nf3 Nd7 8. h5 Bh7 9. Bd3 Bxd3 10. Qxd3 e6 11. Bd2 Ngf6 12. 0-0-0 Qc7 13. Ne4 Nxe4 14. Qxe4 Nf6 15. Qe2 Bd6 16. Kb1 0-0-0 17. c4 Bf4 18. Bc3 Rhe8 19. Ne5 Bxe5 20. dxe5 Nd7 21. Rd6 f5 22. Rhd1 Nc5 23. f3 Nd7 24. Qf2 Nb6 25. Ba5 c5 26. b4 Rxd6 27. exd6 Qc6 28. Bxb6 Kd7 29. Bxc5 b6 30. Qg3 bxc5 31. Qxg7+ Kd8 32. Qf6+ Kd7 33. Qf7+ Kd8 34. d7 1-0

[Event "Hospitalet op 4th"]
[Site "Hospitalet"]
[Date "2013.05.11"]
[Round "6"]
[White "Lozano Diaz, Antoni"]
[Black "Cervello Tost, Roger"]
[Result "0-1"]
[WhiteElo "1816"]
[BlackElo "1957"]
[PlyCount "120"]
[EventDate "2013.04.06"]
[EventType "swiss"]
[EventRounds "8"]
[EventCountry "ESP"]
[SourceTitle "EXT 2014"]
[Source "ChessBase"]
[SourceDate "2013.11.20"]
[SourceVersion "1"]
[SourceVersionDate "2013.11.20"]
[SourceQuality "1"]

1. d4 d5 2. c4 e6 3. cxd5 exd5 4. Nc3 Nf6 5. Bg5 Be7 6. e3 0-0 7. Bd3 c6 8. Qc2 Nbd7 9. Nge2 Re8 10. 0-0 Nf8 11. f3 Ng6 12. Ng3 Bd6 13. Qf2 h6 14. Bxf6 Qxf6 15. Rad1 Qg5 16. f4 Qf6 17. Nh5 Qh4 18. Bxg6 Qxf2+ 19. Kxf2 fxg6 20. Ng3 Bg4 21. Rc1 Re7 22. Rfe1 Rf8 23. Nf1 g5 24. g3 Ref7 25. Kg2 gxf4 26. exf4 g5 27. Ne3 Bd7 28. fxg5 Rf2+ 29. Kg1 hxg5 30. Rc2 R2f3 31. Ncd1 Bh3 32. Rf2 Bc7 33. Rxf3 Rxf3 34. Nc2 Ba5 35. b4 Bb6 36. Nf2 Bf5 37. Kg2 Rxf2+ 38. Kxf2 Bxc2 39. Re7 Bxd4+ 40. Ke2 b5 41. Rc7 Bb6 42. Rxc6 Be4 43. h4 gxh4 44. gxh4 Kf7 45. h5 d4 46. Rc1 Ke6 47. h6 d3+ 48. Kd2 Bd8 49. Rg1 Be7 50. Ke3 Bf5 51. Rh1 Bg5+ 52. Kd4 d2 53. Kc3 Bg4 54. h7 d1Q 55. Rxd1 Bxd1 56. h8Q Bf6+ 57. Kd2 Bxh8 58. Kxd1 Kd5 59. Kc2 Kc4 60. a3 Bg7 0-1

[Event "Hospitalet op 4th"]
[Site "Hospitalet"]
[Date "2013.05.04"]
[Round "5"]
[White "Lozano Diaz, Antoni"]
[Black "Daguro Dasalla, Armando"]
[Result "1-0"]
[WhiteElo "1816"]
[BlackElo "2014"]
[PlyCount "121"]
[EventDate "2013.04.06"]
[EventType "swiss"]
[EventRounds "8"]
[EventCountry "ESP"]
[SourceTitle "EXT 2014"]
[Source "ChessBase"]
[SourceDate "2013.11.20"]
[SourceVersion "1"]
[SourceVersionDate "2013.11.20"]
[SourceQuality "1"]

1. d4 d5 2. c4 c6 3. Nf3 Nf6 4. e3 e6 5. b3 Bb4+ 6. Bd2 Bd6 7. Nc3 Nbd7 8. cxd5 exd5 9. Bd3 Qe7 10. Qc2 h6 11. h3 b6 12. 0-0 Bb7 13. Rfe1 0-0 14. e4 Nxe4 15. Bxe4 dxe4 16. Nxe4 Nf6 17. Nc5 Qc7 18. Nxb7 Qxb7 19. Qf5 Nd5 20. Qg4 Qc8 21. Qxc8 Raxc8 22. g3 Nb4 23. Rec1 c5 24. dxc5 Bxc5 25. Rc4 Nd3 26. Be1 b5 27. Re4 Rfe8 28. Rxe8+ Rxe8 29. Kf1 a5 30. Rd1 Nxe1 31. Rxe1 Rd8 32. Re2 g5 33. Kg2 Kg7 34. g4 a4 35. Rc2 Rd5 36. Rd2 Rxd2 37. Nxd2 a3 38. Ne4 Bf8 39. Kf3 Kg6 40. Nc3 b4 41. Nd5 f5 42. Ke2 fxg4 43. hxg4 h5 44. gxh5+ Kxh5 45. f3 Kh4 46. Ke3 Kh3 47. Ke4 Kg2 48. Ke3 Bc5+ 49. Ke2 Kg3 50. Nf6 Kf4 51. Nh5+ Ke5 52. Kd3 Bd4 53. f4+ gxf4 54. Nxf4 Bc3 55. Ne2 Be1 56. Kc4 Bd2 57. Nd4 Kd6 58. Nc2 Kc6 59. Nxb4+ Kb6 60. Nc2 Bc1 61. b4 1-0

[Event "Hospitalet op 4th"]
[Site "Hospitalet"]
[Date "2013.04.13"]
[Round "2"]
[White "Walter Travella, German"]
[Black "Lozano Diaz, Antoni"]
[Result "1/2-1/2"]
[WhiteElo "1985"]
[BlackElo "1816"]
[PlyCount "61"]
[EventDate "2013.04.06"]
[EventType "swiss"]
[EventRounds "8"]
[EventCountry "ESP"]
[SourceTitle "EXT 2014"]
[Source "ChessBase"]
[SourceDate "2013.11.20"]
[SourceVersion "1"]
[SourceVersionDate "2013.11.20"]
[SourceQuality "1"]

1. c4 c6 2. g3 d5 3. Bg2 Nf6 4. cxd5 cxd5 5. Nf3 e6 6. 0-0 Bd6 7. Nc3 Nc6 8. d4 0-0 9. a3 h6 10. Ne1 Qb6 11. Nc2 Na5 12. Nb4 Bxb4 13. Na4 Qb5 14. axb4 Nc6 15. Nc3 Qxb4 16. Ra4 Qe7 17. Nb5 a6 18. Bf4 Ne8 19. e4 Bd7 20. exd5 Na7 21. d6 Qd8 22. Nc3 Bxa4 23. Qxa4 Nxd6 24. Qb4 Nab5 25. Nxb5 Nxb5 26. Bxb7 Nxd4 27. Bd6 Qf6 28. Bxa8 Rxa8 29. Qb7 Qf3 30. Qxf3 Nxf3+ 31. Kg2 1/2-1/2

[Event "Cerdanyola del Valles op 30th"]
[Site "Cerdanyola del Valles"]
[Date "2012.10.20"]
[Round "3"]
[White "Corrales Adamuz, Cristian"]
[Black "Lozano Diaz, Antoni"]
[Result "1/2-1/2"]
[WhiteElo "1824"]
[BlackElo "1916"]
[PlyCount "26"]
[EventDate "2012.09.29"]
[EventType "swiss"]
[EventRounds "8"]
[EventCountry "ESP"]
[SourceTitle "EXT 2014"]
[Source "ChessBase"]
[SourceDate "2013.11.20"]
[SourceVersion "1"]
[SourceVersionDate "2013.11.20"]
[SourceQuality "1"]

1. c4 c6 2. Nc3 Nf6 3. d4 d5 4. Nf3 dxc4 5. e3 Bf5 6. Bxc4 e6 7. a3 Nbd7 8. b4 Nb6 9. Bb3 Nbd5 10. Bb2 Nxc3 11. Bxc3 Ne4 12. Bb2 Bg4 13. Bc2 Ng5 1/2-1/2

[Event "Barcelona Sant Marti op-B 14th"]
[Site "Barcelona"]
[Date "2012.07.19"]
[Round "7"]
[White "Lozano Diaz, Antoni"]
[Black "Perez Garcia, Jose Miguel"]
[Result "0-1"]
[WhiteElo "1893"]
[BlackElo "1967"]
[PlyCount "52"]
[EventDate "2012.07.13"]
[EventType "swiss"]
[EventRounds "9"]
[EventCountry "ESP"]
[SourceTitle "CBM 149 Extra"]
[Source "ChessBase"]
[SourceDate "2012.08.24"]
[SourceVersion "1"]
[SourceVersionDate "2012.08.24"]
[SourceQuality "1"]

1. e4 c5 2. Nf3 e6 3. d4 cxd4 4. Nxd4 a6 5. Nc3 Qc7 6. Be2 b5 7. a3 Bb7 8. f4 Bc5 9. Be3 d6 10. Qd2 Nf6 11. Bf3 Nbd7 12. Nb3 Bxe3 13. Qxe3 Nb6 14. Nd2 0-0 15. e5 Nfd5 16. Nxd5 Nxd5 17. Bxd5 Bxd5 18. exd6 Qxc2 19. 0-0 Rad8 20. f5 exf5 21. Rfc1 Qxb2 22. Qf4 Qf6 23. Nf1 Rxd6 24. Rd1 Rdd8 25. Ng3 Be6 26. Re1 Qd4+ 0-1

[Event "Montseny op 3rd"]
[Site "Montseny"]
[Date "2012.04.21"]
[Round "2"]
[White "Aparicio Escudero, Hector F"]
[Black "Lozano Diaz, Antoni"]
[Result "0-1"]
[WhiteElo "1765"]
[BlackElo "1913"]
[PlyCount "106"]
[EventDate "2012.04.14"]
[EventType "swiss"]
[EventRounds "8"]
[EventCountry "ESP"]
[SourceTitle "CBM 148 Extra"]
[Source "ChessBase"]
[SourceDate "2012.06.22"]
[SourceVersion "1"]
[SourceVersionDate "2012.06.22"]
[SourceQuality "1"]

1. e4 c6 2. d4 d5 3. Nc3 dxe4 4. Nxe4 Bf5 5. Ng3 Bg6 6. N1e2 e6 7. h4 h6 8. Nf4 Bh7 9. Bc4 Bd6 10. Ngh5 Bxf4 11. Bxf4 g6 12. Ng7+ Kf8 13. Be5 Nf6 14. Nxe6+ fxe6 15. Qf3 Nbd7 16. 0-0-0 Kg7 17. Bxe6 Rf8 18. g4 Nxe5 19. dxe5 Nd5 20. Qb3 Qe7 21. Bxd5 cxd5 22. Rxd5 Bg8 23. e6 Bxe6 24. Qe3 Qf6 25. Rd6 Rfe8 26. Re1 Bxg4 27. Rxf6 Rxe3 28. Rxe3 Kxf6 29. Kd2 Rd8+ 30. Kc3 Rc8+ 31. Kd2 Bf5 32. c3 Rd8+ 33. Ke2 Rd6 34. Ke1 Re6 35. Ke2 Rxe3+ 36. Kxe3 Ke5 37. c4 g5 38. hxg5 h5 39. f4+ Ke6 40. b4 h4 41. Kf3 Bh3 42. a4 Kf5 43. c5 Bg4+ 44. Kg2 Kxf4 45. g6 Ke5 46. g7 Be6 47. b5 Kf6 48. a5 Kxg7 49. c6 b6 50. axb6 axb6 51. Kf3 Kf6 52. Kf4 h3 53. Kg3 Ke5 0-1

[Event "Barcelona La Lira op 30th"]
[Site "Barcelona"]
[Date "2012.02.17"]
[Round "5"]
[White "Lozano Diaz, Antoni"]
[Black "Pascual Gonzalez, Novelles Carle"]
[Result "1/2-1/2"]
[WhiteElo "1925"]
[BlackElo "1896"]
[PlyCount "105"]
[EventDate "2012.01.20"]
[EventType "swiss"]
[EventRounds "8"]
[EventCountry "ESP"]
[SourceTitle "EXT 2013"]
[Source "ChessBase"]
[SourceDate "2012.11.22"]
[SourceVersion "1"]
[SourceVersionDate "2012.11.22"]
[SourceQuality "1"]

1. d4 Nf6 2. c4 g6 3. g3 Bg7 4. Bg2 c6 5. e4 d6 6. Nc3 0-0 7. Nf3 Nbd7 8. e5 dxe5 9. dxe5 Ng4 10. e6 fxe6 11. 0-0 e5 12. Ng5 Nc5 13. Qxd8 Rxd8 14. h3 Nf6 15. Be3 Ne6 16. Rad1 Nd4 17. f4 Bf5 18. fxe5 Nc2 19. Rxd8+ Rxd8 20. Bc5 Nd7 21. Bxe7 Re8 22. Bd6 Nxe5 23. Be4 Nxc4 24. Bxf5 gxf5 25. Bc5 b6 26. Rc1 Ne1 27. Bf2 Nd3 28. Rc2 Ncxb2 29. Ne2 c5 30. Nf3 Nd1 31. Be1 Nxe1 32. Nxe1 Ne3 33. Rd2 Nc4 34. Rc2 Nd6 35. Ng2 Nb5 36. Ngf4 Nd4 37. Nxd4 Bxd4+ 38. Kf1 Re3 39. Kg2 Kf7 40. Nd5 Re8 41. Nf4 Kf6 42. h4 b5 43. Nd3 Re3 44. Nxc5 Bxc5 45. Rxc5 Re2+ 46. Kf3 Rxa2 47. Rxb5 a5 48. Rb6+ Ke5 49. Rb5+ Ke6 50. Rb6+ Kf7 51. Rb5 Kg6 52. Rb6+ Kf7 53. Rb5 1/2-1/2